Supply solution still sought (Record no. 75256)

MARC details
000 -LEADER
fixed length control field 01693cab a2200265 4500
001 - CONTROL NUMBER
control field L129761
008 - FIXED-LENGTH DATA ELEMENTS--GENERAL INFORMATION
fixed length control field 050518n2005 000 0 eng u
035 ## - SYSTEM CONTROL NUMBER
System control number (Sirsi) u129761
041 ## - LANGUAGE CODE
Language code of text/sound track or separate title eng
100 ## - MAIN ENTRY--PERSONAL NAME
Personal name Crook, Tony
245 ## - TITLE STATEMENT
Title Supply solution still sought
260 ## - PUBLICATION, DISTRIBUTION, ETC.
Date of publication, distribution, etc. 2005
490 ## - SERIES STATEMENT
Series statement Planning (for the Natural and Built Environment)
Volume/sequential designation (1618) 6 May 2005, 17(1)
520 ## - SUMMARY, ETC.
Summary, etc. Considers the part played by planning gain in the provision of higher levels of affordable homes. Looks at the key findings on affordable homes and the planning gain mechanism in the recent study on land and finance for affordable housing supported by the Joseph Rowntree Foundation. ("Planning gain and affordable housing: making it count", ISBN 184263111X) Apart from the growing importance of s106 agreements, the patterns of housing tenures delivered through planning policy have changed significantly in the last three years with social rented housing now only 66% of s106 affordable housing. Planning obligations are altering the social geography of social housing but are not adding much to the total supply. Reflects on the effects of introducing a Barker-style planning gain supplement.
590 ## - LOCAL NOTE (RLIN)
Local note IKA190505
650 24 - SUBJECT ADDED ENTRY--TOPICAL TERM
Topical term or geographic name entry element TOWN AND COUNTRY PLANNING ACT 1990 S106
650 24 - SUBJECT ADDED ENTRY--TOPICAL TERM
Topical term or geographic name entry element TOWN AND COUNTRY PLANNING ACT 1990 S106
650 24 - SUBJECT ADDED ENTRY--TOPICAL TERM
Topical term or geographic name entry element BARKER REVIEW OF HOUSING SUPPLY: SECURING OUR FUTURE HOUSING NEEDS
650 24 - SUBJECT ADDED ENTRY--TOPICAL TERM
Topical term or geographic name entry element PLANNING GAIN SUPPLEMENT
650 ## - SUBJECT ADDED ENTRY--TOPICAL TERM
Topical term or geographic name entry element Affordable housing
9 (RLIN) 6215
690 ## - LOCAL SUBJECT ADDED ENTRY--TOPICAL TERM (OCLC, RLIN)
Topical term or geographic name as entry element Residential property
9 (RLIN) 6266
700 ## - ADDED ENTRY--PERSONAL NAME
Personal name Rowley, Steven
856 ## - ELECTRONIC LOCATION AND ACCESS
Uniform Resource Identifier <a href="https://www.jrf.org.uk/bookshop/details.asp?pubID=678">https://www.jrf.org.uk/bookshop/details.asp?pubID=678</a>
Public note View the study free of charge at www.jrf.org.ukƯ
942 ## - ADDED ENTRY ELEMENTS (KOHA)
Suppress in OPAC 0
Holdings
Withdrawn status Lost status Source of classification or shelving scheme Damaged status Not for loan Home library Current library Shelving location Date acquired Total Checkouts Full call number Barcode Date last seen Copy number Price effective from Koha item type
    Dewey Decimal Classification     London London Journal article 18/05/2005   L129761 129761-1001 06/08/2019 1 06/08/2019 Journal article